| 000 | 00816nam a2200217 a 4500 | ||
|---|---|---|---|
| 005 | 20220905122852.0 | ||
| 008 | 011122s1994 ea r 000 0 eng d | ||
| 035 | _aUPN01000114067 | ||
| 049 | _aCE | ||
| 050 | 4 |
_aNC999.6 J3 _bA5.53 |
|
| 245 | 0 | 0 |
_aAll of ssaws : _blogotype desing and application for the world's largest indoor ski resort / _cart. dir. Katsu Kimura ; tr. Sué Herbert. |
| 260 |
_a[Tokyo] : _bP.I.E. Books, _c1994. |
||
| 300 |
_a121 p. : _bil. col. |
||
| 500 | _aTítulo de la cubierta: All of ssaws : innovative CI design in the world's largest all-season ski dome | ||
| 500 | _aTexto en inglés y en japonés | ||
| 650 | 4 |
_aLOGOTIPO _923255 |
|
| 650 | 2 |
_aDiseño gráfico (Tipografía) _914434 |
|
| 650 | 4 |
_aARTE COMERCIAL - _vCATALOGOS _92451 |
|
| 700 | 1 |
_aKimura, Katsu, _eed. |
|
| 905 | _aLibro | ||
| 999 |
_c87975 _d87975 |
||